| 000 | 00344nam a2200145Ia 4500 | ||
|---|---|---|---|
| 008 | 150201s2001 xx 000 0 und d | ||
| 082 |
_a618 _bP2001B |
||
| 100 | _aBARON,ROBERT A. | ||
| 245 | _aTEXTBOOK OF PSYCHOLOGY | ||
| 250 | _a5TH | ||
| 260 |
_bPRENTICE-HALL _aDELHI _c2001 |
||
| 300 | _a1-700 | ||
| 650 | _aPSYCHOLOGY | ||
| 942 |
_2ddc _cBK _01 |
||
| 999 |
_c3907 _d3907 |
||